Music Quiz

Random Music or Artist Quiz

Country music listening quiz 2 Stats

 Plays Quiz not verified by Sporcle

Support Sporcle.
Go Orange.
Score 0/21 Timer 10:00
0 Plays Today
title artist % Correct
JoleneDolly Parton
74%
He Stopped Loving her TodayGeorge Jones
67.5%
HurtJohnny Cash
62.3%
Blue Eyes Crying in the RainWillie Nelson
53.2%
I am a Man of Constant SorrowThe Soggy Bottom Boys
36.4%
I'm a Ramblin' ManWaylon Jennings
27.3%
Portland OregonLoretta Lynn
20.8%
Wildwood FlowerThe Carter Family
18.2%
To Beat the DevilKris Kristofferson
16.9%
Orphan GirlEmmylou Harris
16.9%
Jesus Was a CapricornKris Kristofferson
15.6%
title artist % Correct
Turn it on, turn it on, turn it onTom T Hall
15.6%
Hello WallsWillie Nelson
15.6%
Boulder to BirminghamEmmylou Harris
14.3%
Bury Me Under the Weeping WillowThe Carter Family
14.3%
A Week in a Country JailTom T Hall
13%
Oh! SusannaStephan Foster
10.4%
New San Antonio RoseBob Wills
10.4%
Sally GoodenEck Robertson
9.1%
Blue Yodel #1Jimmie Rodgers
9.1%
The Prisoner's SongVernon Dalhart
7.8%

You're not logged in!

Compare scores with friends on all Sporcle quizzes.
OR
Log In

From the Vault

Movies: Take A Seat!

by BigAl1994

Maybe you'll get one of those reclining theater seats!
Remove Ads.
Support Sporcle.
Get the best of Sporcle when you Go Orange. This ad-free experience offers more features, more stats, and more fun while also helping to support Sporcle. Thank you for becoming a member.

Show Comments

Extras

Top Quizzes Today


Score Distribution

Your Account Isn't Verified!

In order to create a playlist on Sporcle, you need to verify the email address you used during registration. Go to your Sporcle Settings to finish the process.

Report this User

Report this user for behavior that violates our Community Guidelines.

Details: